00560cam a22001931 4500001001300000003000400013005001700017008004100034010001700075040001900092043001200111050002400123100003400147245008900181260002100270300001500291650004300306999001700349unk85002382 DLC20260227112802.0850510s1948 mx 000 0 spa  aunk85002382  aDLCcCarPdDLC an-mx---00aKGF5482b.A985 19481 aAvendaño Hernandez, Efrain.10a"Puede ir el ofendido,cante el juez civil para obtener la reparación del daño?" aMéxico,c1948. a52 l.bcm. 0aReparation (Criminal justice)zMexico. c91614d91614